| 000 | 00654nam a2200217Ia 4500 | ||
|---|---|---|---|
| 999 |
_c36726 _d36726 |
||
| 001 | 2658 | ||
| 003 | GE_BSU | ||
| 005 | 20230406164942.0 | ||
| 008 | 181216s1991||||ru |||||||||||||| ||rus|| | ||
| 020 | _a522501982Х | ||
| 040 | _cGE_BSU | ||
| 041 | _arus | ||
| 080 | _a617.57 Д-20 | ||
| 100 |
_aДавиташвили, Р.О. _917531 |
||
| 245 |
_aРеплантация конечностей / _cР.О. Давиташвили. |
||
| 264 |
_aМосква : _bМедицина, _c1991. |
||
| 300 |
_a238 стр. ; _bилл. _c25 см. |
||
| 541 | _h10л. | ||
| 653 | _aკიდურების რეპლანტაცია | ||
| 942 |
_cBK _2udc |
||